Immunocytochemical localisation of rubber membrane protein in Hevea latex (Record no. 60700)
[ view plain ]
| 000 -LEADER | |
|---|---|
| fixed length control field | 00975nam a2200157Ia 4500 |
| 100 ## - MAIN ENTRY--AUTHOR NAME | |
| Personal name | Shamsul Bahri A R |
| 245 #0 - TITLE STATEMENT | |
| Title | Immunocytochemical localisation of rubber membrane protein in Hevea latex |
| 260 ## - PUBLICATION, DISTRIBUTION, ETC. (IMPRINT) | |
| Name of publisher | Journal of Natural Rubber Research |
| Year of publication | 1996 |
| 300 ## - PHYSICAL DESCRIPTION | |
| Number of Pages | 88-95 |
| 520 ## - SUMMARY, ETC. | |
| Summary, etc | Immunogold double labelling technique by electron microscopy was employed to localise the 14 kDa and 24 kDa protein obtained from rubber particle membrane in Hevea latex. These proteins were used to elicit antibodies in rabbits. The two antibodies showed selective labelling on the rubber particles: 14 kDa antibody bound more to the larger rubber particles (>_0.3 mm) whereas the 24 kDa antibody more to the smallerr rubber particles (<_ 0.2 mm). The use of osmium tetroxide to fix rubber particles did not distroy the antigenic sites. |
| 650 ## - SUBJECT ADDED ENTRY--TOPICAL TERM | |
| Topical Term | Hevea latex |
| 650 ## - SUBJECT ADDED ENTRY--TOPICAL TERM | |
| Topical Term | Rubber membrane |
| 700 ## - ADDED ENTRY--PERSONAL NAME | |
| Personal name | Hamzah Samsidar |
| 942 ## - ADDED ENTRY ELEMENTS (KOHA) | |
| Koha item type | Journals |
| Withdrawn status | Lost status | Damaged status | Not for loan | Home library | Current library | Shelving location | Date acquired | Serial Enumeration / chronology | Koha item type |
|---|---|---|---|---|---|---|---|---|---|
| Journals | RRII Library | RRII Library | Physiology | 17/12/2021 | Volume 11, Issue 2 | Journals |